000 00951nam a2200265 a 4500
001 000014169
003 DO-SdBNP
005 20250528132222.0
008 091207s1988 dr a 001 0 spa d
040 _aDO-SdBNP
_bspa
_cBNPHU
082 _a331.8801
_bK68s
100 1 _aKneitschel, Dietmar
_932020
245 1 3 _aLa solidaridad no tiene fronteras :
_bmanual de capacitación sindical FITCM /
_cDietmar Kneitschel, John Löfblad.
260 _aSanto Domingo :
_bFundación Friedrich Ebert,
_c1988.
300 _a304 p. :
_bil. ;
_c19 cm.
590 _aInventariado, 2018/VM
650 4 _aTrabajo y trabajadores
_zRepública Dominicana
_97272
650 0 _aActividades obreras internacionales
_97273
650 0 _aSindicalismo
_97274
650 0 _aSindicatos
_xActividad política
_97275
650 4 _aGremios
_zRepública Dominicana
_97276
700 1 _aLöfblad, Jonh
_932021
910 _aValidado. Control de calidad EMS
942 _2ddc
_cLBS1
999 _c13770
_d13770